[Event "Nienberge - Godesberg"]
[Site "?"]
[Date "2023.11.19"]
[Round "4.2"]
[White "Remmeke, Hans"]
[Black "Koehler, Christian Friedrich"]
[Result "0-1"]
[WhiteElo "2109"]
[BlackElo "2197"]
[PlyCount "102"]
[EventDate "2023.??.??"]
[SourceVersionDate "2023.09.04"]

1. d4 f5 2. Nf3 Nf6 3. g3 g6 4. Bg2 Bg7 5. O-O O-O 6. b3 d6 7. Bb2 Qe8 8. c4 Na6 9. Nbd2 c5 10. a3 Rb8 11. Qc2 b6 12. Rfe1 Bb7 13. d5 e5 14. dxe6 Nc7 15. Rad1 Nxe6 16. Nb1 Rd8 17. Nc3 Ne4 18. Nd5 Qf7 19. Nf4 Nxf4 20. gxf4 Rd7 21. Rd3 Rfd8 22. Red1 h6 23. Nd2 d5 24. cxd5 Bxd5 25. Bxg7 Kxg7 26. Nf3 Qe6 27. Ne5 Rd6 28. Nc4 Bxc4 29. bxc4 Nf6 30. e3 Kf7 31. h3 Ke7 32. Qc3 Rxd3 33. Rxd3 Rxd3 34. Qxd3 Qd6 35. Qc3 Kf7 36. Bf3 g5 37. Qe5 Qxe5 38. fxe5 Ne4 39. Be2 f4 40. exf4 gxf4 41. Bf3 Nc3 42. Bd5+ Ke7 43. Kf1 b5 44. Ke1 b4 45. axb4 cxb4 46. Kd2 a5 47. f3 Na4 48. Kc2 Nc5 49. Kb2 a4 50. Ka2 a3 51. Bg8 Nd3 0-1

[Event "Nienberge - Godesberg"]
[Site "?"]
[Date "2023.11.19"]
[Round "4.3"]
[White "Brandt, Sebastian"]
[Black "Ringwelski, Marius"]
[Result "1-0"]
[WhiteElo "2188"]
[BlackElo "1991"]
[PlyCount "47"]
[EventDate "2023.??.??"]
[SourceVersionDate "2023.09.04"]

1. d4 Nf6 2. c4 e6 3. Nc3 Bb4 4. f3 d5 5. a3 Be7 6. e4 dxe4 7. fxe4 c5 8. d5 exd5 9. exd5 a6 10. Nf3 O-O 11. Bd3 h6 12. O-O Bd6 13. Qe1 Nh5 14. Nh4 Qc7 15. g3 Nd7 16. Ne4 Ne5 17. Be2 Bg4 18. Nf5 Bxf5 19. Rxf5 g6 20. Rf1 f5 21. Nxd6 Qxd6 22. Bxh5 gxh5 23. Bf4 Rae8 24. Qc3 1-0

[Event "Nienberge - Godesberg"]
[Site "?"]
[Date "2023.11.19"]
[Round "4.4"]
[White "Emiroglu, Murat"]
[Black "Rybarczyk, Klaus"]
[Result "1-0"]
[WhiteElo "2176"]
[BlackElo "2141"]
[PlyCount "79"]
[EventDate "2023.??.??"]
[SourceVersionDate "2023.09.04"]

1. e4 c5 2. Nc3 a6 3. g3 b5 4. Bg2 Bb7 5. d3 e6 6. Nge2 d6 7. O-O Qc7 8. f4 Ne7 9. f5 exf5 10. exf5 Bxg2 11. Kxg2 Qc6+ 12. Kg1 d5 13. f6 gxf6 14. Nf4 h5 15. Qf3 d4 16. Ncd5 Ra7 17. Nxh5 f5 18. Nhf6+ Kd8 19. Bg5 Bh6 20. Bxh6 Rxh6 21. Qf4 Rxf6 22. Qxb8+ Nc8 23. Nxf6 Qxf6 24. Rae1 Qd6 25. Qxd6+ Nxd6 26. h4 Kd7 27. Re5 Kc6 28. h5 Ra8 29. Rf4 Rh8 30. Rh4 Rh6 31. Kf2 a5 32. Kf3 a4 33. Kf4 f6 34. Re7 b4 35. Rg7 Ne8 36. Rg6 Rh7 37. Kxf5 a3 38. bxa3 bxa3 39. h6 Kd5 40. Rxf6 1-0

[Event "Nienberge - Godesberg"]
[Site "?"]
[Date "2023.11.19"]
[Round "4.5"]
[White "Broehl, Stephan"]
[Black "Gottkehaskamp, Stefan"]
[Result "1-0"]
[WhiteElo "2129"]
[BlackElo "2070"]
[PlyCount "91"]
[EventDate "2023.??.??"]
[SourceVersionDate "2023.09.04"]

1. e4 c6 2. d4 d5 3. e5 Bf5 4. c4 e6 5. Nc3 Ne7 6. Nge2 dxc4 7. Ng3 b5 8. a4 b4 9. Na2 a5 10. Bxc4 Nd7 11. Bg5 Bg6 12. Nc1 Nb6 13. Be2 h6 14. Bxe7 Bxe7 15. Nb3 O-O 16. O-O Nd5 17. Bd3 Bxd3 18. Qxd3 Qb6 19. Ne4 Rfd8 20. Rac1 Qa6 21. Qf3 Rac8 22. Rfd1 Qa8 23. Rd3 Nb6 24. Nec5 Rd5 25. Qg4 Bxc5 26. Nxc5 Re8 27. Rg3 g6 28. Ne4 Kg7 29. Nf6 Red8 30. Nxd5 Rxd5 31. b3 Qd8 32. Rd1 c5 33. Rgd3 c4 34. bxc4 Nxc4 35. Qe2 Qd7 36. h4 Qxa4 37. h5 Qd7 38. hxg6 fxg6 39. Qe4 a4 40. Kh2 b3 41. Rg3 g5 42. f4 Qf7 43. fxg5 Qh5+ 44. Rh3 Qxd1 45. gxh6+ Kf7 46. Qh7+ 1-0

[Event "Nienberge - Godesberg"]
[Site "?"]
[Date "2023.11.19"]
[Round "4.6"]
[White "Kemper, Georg"]
[Black "Stenzel, Thomas"]
[Result "0-1"]
[WhiteElo "1986"]
[BlackElo "2170"]
[PlyCount "94"]
[EventDate "2023.??.??"]
[SourceVersionDate "2023.09.04"]

1. d4 d5 2. c4 Nc6 3. Nc3 dxc4 4. Nf3 Nf6 5. Bg5 h6 6. Bh4 Bg4 7. d5 Bxf3 8. gxf3 Ne5 9. f4 Ng6 10. Bg3 e6 11. Qa4+ Qd7 12. dxe6 fxe6 13. Qxc4 Nd5 14. Bh3 Bb4 15. e4 Ndxf4 16. Rd1 Bxc3+ 17. Qxc3 Qc6 18. Qxc6+ bxc6 19. Bf1 Rf8 20. b3 Rd8 21. Rxd8+ Kxd8 22. Rg1 Ne5 23. Be2 g5 24. Kd2 Ke7 25. Ke3 Neg6 26. Rc1 Ng2+ 27. Kd4 Rd8+ 28. Kc5 N2f4 29. Rc2 Rd6 30. Ba6 Ne5 31. Bxf4 gxf4 32. Bf1 Nf3 33. h3 Nd2 34. Be2 Nxe4+ 35. Kb4 Rd2 36. Rxd2 Nxd2 37. Ka5 Ne4 38. Ka6 Nc3 39. Bc4 Nxa2 40. Kxa7 Nb4 41. Kb7 Kd6 42. Kc8 e5 43. Kd8 Nd5 44. Ke8 Ke6 45. Kf8 Kf6 46. Ke8 e4 47. Kd7 Nb6+ 0-1

[Event "Nienberge - Godesberg"]
[Site "?"]
[Date "2023.11.19"]
[Round "4.7"]
[White "Kutzner, Stephen"]
[Black "Haas, Kai Markus"]
[Result "1-0"]
[WhiteElo "2039"]
[BlackElo "1980"]
[PlyCount "57"]
[EventDate "2023.??.??"]
[SourceVersionDate "2023.09.04"]

1. d4 c5 2. e4 Qc7 3. Nf3 b6 4. Nc3 Bb7 5. Be3 Nf6 6. e5 Ng4 7. Bf4 a6 8. d5 d6 9. e6 fxe6 10. Ng5 Nf6 11. Nxe6 Qd7 12. Be2 Kf7 13. O-O b5 14. Bf3 a5 15. Re1 Na6 16. g4 h6 17. g5 hxg5 18. Bxg5 g6 19. Qd2 Bg7 20. Qf4 Nb4 21. Re2 Kg8 22. Nxg7 Kxg7 23. Bxf6+ exf6 24. Rae1 Rae8 25. Bg4 Rxe2 26. Rxe2 f5 27. Qg5 Re8 28. Bxf5 Qf7 29. Bxg6 1-0

[Event "Nienberge - Godesberg"]
[Site "?"]
[Date "2023.11.19"]
[Round "4.8"]
[White "Althoff, Franz"]
[Black "Selalmazidis, Arsenis"]
[Result "0-1"]
[WhiteElo "2120"]
[BlackElo "2065"]
[PlyCount "60"]
[EventDate "2023.??.??"]
[SourceVersionDate "2023.09.04"]

1. Nf3 d5 2. e3 Nf6 3. d4 Bf5 4. c4 c6 5. Nc3 e6 6. Bd3 dxc4 7. Bxc4 Be7 8. O-O O-O 9. Re1 Nbd7 10. e4 Bg6 11. Bb3 Bb4 12. Bc2 c5 13. a3 Ba5 14. dxc5 Bxc3 15. bxc3 Nxc5 16. Qe2 Bxe4 17. Be3 Ncd7 18. Bxe4 Nxe4 19. Bd4 Nef6 20. Qb5 Qc7 21. Rab1 b6 22. Qg5 h6 23. Qh4 Nd5 24. Ne5 Nxe5 25. Bxe5 Qc6 26. c4 Nc7 27. Re3 Ne8 28. Rg3 f6 29. Bf4 Qe4 30. Rf1 e5 0-1

[Event "Bünde - Horst-Emscher"]
[Site "?"]
[Date "2023.11.19"]
[Round "4.1"]
[White "Kotter, Ralf"]
[Black "Brunke, Pascal"]
[Result "1/2-1/2"]
[WhiteElo "2347"]
[BlackElo "2206"]
[PlyCount "78"]
[EventDate "2023.??.??"]
[SourceVersionDate "2023.09.04"]

1. e4 e6 2. d4 d5 3. e5 c5 4. c3 Nc6 5. Nf3 Bd7 6. a3 f6 7. Bb5 Nge7 8. exf6 gxf6 9. Nh4 Qb6 10. Qh5+ Kd8 11. Bxc6 Nxc6 12. Ng6 Be8 13. Qf3 Bxg6 14. Qxf6+ Kd7 15. Qxh8 Qb5 16. Nd2 cxd4 17. Qf6 Bh6 18. Nf3 Rf8 19. Nxd4 Nxd4 20. Qxd4 Bxc1 21. Rxc1 Qxb2 22. O-O a6 23. a4 Rc8 24. Qb4 Qxb4 25. cxb4 Bc2 26. f3 d4 27. Rf2 d3 28. Rd2 Rc4 29. Kf2 Ke7 30. a5 Kf6 31. g4 Rxb4 32. Rdxc2 dxc2 33. Rxc2 Rb5 34. Rc7 h5 35. h4 hxg4 36. fxg4 Rxa5 37. Rxb7 Ra2+ 38. Kg3 Ra3+ 39. Kg2 Ra2+ 1/2-1/2

[Event "Bünde - Horst-Emscher"]
[Site "?"]
[Date "2023.11.19"]
[Round "4.2"]
[White "Nordsieck, Thomas"]
[Black "Rebentisch, Tom"]
[Result "1/2-1/2"]
[WhiteElo "2312"]
[BlackElo "2155"]
[PlyCount "54"]
[EventDate "2023.??.??"]
[SourceVersionDate "2023.09.04"]

1. e4 e5 2. Nf3 Nc6 3. Bb5 a6 4. Ba4 Nf6 5. Qe2 b5 6. Bb3 Be7 7. O-O O-O 8. c3 d6 9. Rd1 Na5 10. Bc2 c5 11. d4 cxd4 12. cxd4 Qc7 13. Nc3 Bg4 14. Be3 Nc4 15. Bb3 Rac8 16. Rac1 Qb7 17. Bg5 Rfe8 18. Bxf6 Bxf6 19. Nd5 Bg5 20. Rc2 exd4 21. Bxc4 Rxc4 22. Rxc4 bxc4 23. Rxd4 h6 24. Qc2 Rb8 25. Nxg5 hxg5 26. h3 Be6 27. Rxc4 Qxb2 1/2-1/2

[Event "Bünde - Horst-Emscher"]
[Site "?"]
[Date "2023.11.19"]
[Round "4.3"]
[White "De Roda Husman, Juan"]
[Black "Pieper-Emden, Carsten"]
[Result "0-1"]
[WhiteElo "2239"]
[BlackElo "2235"]
[PlyCount "94"]
[EventDate "2023.??.??"]
[SourceVersionDate "2023.09.04"]

1. e4 c5 2. Nf3 d6 3. d4 cxd4 4. Nxd4 Nf6 5. Nc3 a6 6. h3 e6 7. g4 h6 8. Bg2 g5 9. Be3 Nbd7 10. Qe2 Ne5 11. O-O-O Nfd7 12. h4 Rg8 13. hxg5 hxg5 14. Rh5 b5 15. Kb1 Bb7 16. f4 gxf4 17. Bxf4 Qb6 18. Bg5 Bg7 19. Rh7 Bf6 20. Be3 Qa5 21. g5 Bg7 22. Nb3 Qc7 23. Nd4 b4 24. Na4 O-O-O 25. Qe1 Qa5 26. b3 Nc5 27. a3 Nxe4 28. axb4 Qc7 29. Bxe4 Bxe4 30. Rh4 Nf3 31. Qf2 Nxh4 32. Qxh4 Qb7 33. Ka2 Rh8 34. Qf2 Be5 35. Rd2 Rh2 36. Qe1 Qxb4 37. c3 Rxd2+ 38. Bxd2 Qb7 39. Qe3 Rh8 40. Ne2 Rh2 41. Ka3 Bc6 42. Nb6+ Kc7 43. Nc4 Bd5 44. Qd3 Qb5 45. Nd4 Qc5+ 46. Kb2 Bxc4 47. bxc4 Bxd4 0-1

[Event "Bünde - Horst-Emscher"]
[Site "?"]
[Date "2023.11.19"]
[Round "4.4"]
[White "Kettler, Ilija Jonas"]
[Black "Kroeger, Fabian"]
[Result "1-0"]
[WhiteElo "2114"]
[BlackElo "2188"]
[PlyCount "105"]
[EventDate "2023.??.??"]
[SourceVersionDate "2023.09.04"]

1. e4 c5 2. Nf3 d6 3. d4 cxd4 4. Nxd4 Nf6 5. Nc3 Nc6 6. Bg5 e6 7. Qd2 a6 8. O-O-O Bd7 9. f3 b5 10. Kb1 h6 11. Be3 Be7 12. g4 Nxd4 13. Qxd4 Qc7 14. h4 Rc8 15. Qd2 Bc6 16. Rh2 b4 17. Ne2 h5 18. g5 Nd7 19. g6 fxg6 20. Nf4 Nf8 21. Qg2 Kf7 22. Bc4 Bf6 23. Rg1 Bxe4 24. fxe4 Qxc4 25. Nxg6 Nxg6 26. Qxg6+ Ke7 27. Bg5 Kd7 28. Bxf6 gxf6 29. b3 Qd4 30. Qf7+ Kc6 31. Rhg2 Qxe4 32. Rg7 Kb6 33. Rc1 Rc6 34. Qb7+ Kc5 35. Rc7 f5 36. Qa7+ Kb5 37. a4+ bxa3 38. Qb7+ Rb6 39. Qxe4 fxe4 40. c4+ Kb4 41. c5 dxc5 42. Ka2 Rg8 43. Rc4+ Ka5 44. R7xc5+ Rb5 45. Rc6 Re5 46. Ra4+ Kb5 47. Raxa6 e3 48. Rab6+ Ka5 49. Kxa3 Rg4 50. Ra6+ Kb5 51. b4 Rxb4 52. Rcb6+ Kc5 53. Rxb4 1-0

[Event "Bünde - Horst-Emscher"]
[Site "?"]
[Date "2023.11.19"]
[Round "4.5"]
[White "Radulovic, Drazen"]
[Black "Brunke, Christian"]
[Result "1-0"]
[WhiteElo "2213"]
[BlackElo "2155"]
[PlyCount "101"]
[EventDate "2023.??.??"]
[SourceVersionDate "2023.09.04"]

1. e4 e5 2. Bc4 Nf6 3. d3 c6 4. Nf3 d6 5. O-O Be7 6. a4 Nbd7 7. Re1 Qc7 8. Nc3 O-O 9. h3 b6 10. d4 a6 11. d5 c5 12. Nd2 Re8 13. Bf1 Nf8 14. Nc4 Ng6 15. g3 Bd7 16. Ne3 Qb7 17. Nf5 Bf8 18. Qf3 Bxf5 19. Qxf5 Rec8 20. b3 Qd7 21. Qf3 Ne8 22. Kh2 Nc7 23. h4 Qe8 24. Bd2 Rcb8 25. h5 Ne7 26. Qg4 Qc8 27. Qh4 Qe8 28. f4 f6 29. fxe5 fxe5 30. Bh3 Kh8 31. Rf1 Ng8 32. Rf2 Be7 33. Qg4 Nf6 34. Qf3 Qxh5 35. Qxh5 Nxh5 36. Rf7 Re8 37. Raf1 Nf6 38. Bg5 Kg8 39. Be6 Nxe6 40. dxe6 Bd8 41. Bxf6 gxf6 42. Nd5 Rxe6 43. Rd7 b5 44. Kg2 c4 45. Rh1 cxb3 46. cxb3 bxa4 47. bxa4 Rb8 48. Rhxh7 Rc8 49. Kf3 Rc4 50. Kg4 Rxe4+ 51. Kf5 1-0

[Event "Bünde - Horst-Emscher"]
[Site "?"]
[Date "2023.11.19"]
[Round "4.6"]
[White "Brosig, Boris"]
[Black "De Mie, Mariska"]
[Result "1/2-1/2"]
[WhiteElo "2221"]
[BlackElo "2048"]
[PlyCount "83"]
[EventDate "2023.??.??"]
[SourceVersionDate "2023.09.04"]

1. e4 c5 2. Nc3 e6 3. d4 cxd4 4. Qxd4 Nc6 5. Qe3 Nf6 6. Bd2 d5 7. exd5 Nxd5 8. Qe4 Ncb4 9. Bb5+ Bd7 10. Nxd5 Nxd5 11. Bxd7+ Qxd7 12. O-O-O Be7 13. Nf3 Rc8 14. Rhe1 O-O 15. Ng5 Nf6 16. Qf3 Qc7 17. c3 Nd5 18. Kb1 Qb6 19. Ka1 Rc5 20. Ne4 Rc4 21. b3 Rc6 22. c4 Nb4 23. Kb1 Na6 24. Qe2 Rfc8 25. Be3 Qa5 26. Rd7 R6c7 27. Red1 f5 28. Bd2 Qe5 29. Rxc7 Rxc7 30. Nc3 Qxe2 31. Nxe2 Rd7 32. Kc2 e5 33. Bc3 Rxd1 34. Kxd1 Bd6 35. f3 Kf7 36. Kd2 h5 37. Nc1 Ke6 38. f4 Nc5 39. Bxe5 Bxe5 40. fxe5 Kxe5 41. Nd3+ Nxd3 42. Kxd3 1/2-1/2

[Event "Bünde - Horst-Emscher"]
[Site "?"]
[Date "2023.11.19"]
[Round "4.7"]
[White "Buschmann, Andreas"]
[Black "Moradi Kahlou, Benjamin"]
[Result "0-1"]
[WhiteElo "2103"]
[BlackElo "2045"]
[PlyCount "74"]
[EventDate "2023.??.??"]
[SourceVersionDate "2023.09.04"]

1. d4 Nf6 2. c4 d6 3. Nc3 e5 4. dxe5 dxe5 5. Qxd8+ Kxd8 6. Bg5 Nbd7 7. O-O-O c6 8. Nf3 Kc7 9. a3 Ng4 10. Bh4 f6 11. h3 Nh6 12. g4 Nf7 13. Bg3 Nb6 14. e3 Be6 15. Nd2 Be7 16. f4 Bc5 17. f5 Bd7 18. Bf2 Be7 19. e4 Be8 20. Be2 Nd7 21. Kc2 b6 22. h4 Nd8 23. Rhg1 Bf7 24. g5 Nb7 25. gxf6 gxf6 26. Rg7 Raf8 27. Rdg1 Nd8 28. Nf1 Rfg8 29. Ne3 Rxg7 30. Rxg7 Bf8 31. Rg1 Rg8 32. Rd1 Bc5 33. b4 Bd4 34. b5 Nc5 35. bxc6 Bxc3 36. Kxc3 Nxe4+ 37. Kb4 Nxc6+ 0-1

[Event "Bünde - Horst-Emscher"]
[Site "?"]
[Date "2023.11.19"]
[Round "4.8"]
[White "Altenbernd, Jannis-Domenik"]
[Black "Becker, Marco"]
[Result "1/2-1/2"]
[WhiteElo "1977"]
[BlackElo "1917"]
[PlyCount "110"]
[EventDate "2023.??.??"]
[SourceVersionDate "2023.09.04"]

1. d4 Nf6 2. c4 d5 3. Nc3 e6 4. cxd5 exd5 5. Bg5 Be7 6. e3 O-O 7. Bd3 c6 8. Nge2 Nbd7 9. O-O Re8 10. Qc2 Nf8 11. h3 h6 12. Bf4 Bd6 13. Bxd6 Qxd6 14. Ng3 Bd7 15. Rab1 Rad8 16. b4 a6 17. Na4 Re7 18. Nc5 Be6 19. a4 Rc7 20. Rfc1 N8d7 21. Nf1 Nxc5 22. bxc5 Qe7 23. Nd2 g6 24. Nb3 Kg7 25. Na5 Bc8 26. Rb3 Nh5 27. Rcb1 f5 28. Qb2 f4 29. Nxb7 Rf8 30. Bxa6 f3 31. Bf1 Qg5 32. Kh2 fxg2 33. Bxg2 Rcf7 34. Rf1 Qh4 35. f4 Qg3+ 36. Kg1 Bxb7 37. Rxb7 Qxe3+ 38. Rf2 Nxf4 39. Rxf7+ Rxf7 40. Kh2 g5 41. Rf3 Qe2 42. Qxe2 Nxe2 43. Rxf7+ Kxf7 44. a5 Nxd4 45. Bf1 Ne6 46. a6 Nc7 47. a7 d4 48. Bg2 d3 49. Bxc6 d2 50. Bf3 Ke6 51. Kg2 Ke5 52. Kf2 Kd4 53. Ke2 Kxc5 54. a8=Q Nxa8 55. Bxa8 Kd4 1/2-1/2

[Event "Iserlohn - Oberhausen"]
[Site "?"]
[Date "2023.11.19"]
[Round "4.1"]
[White "Becker, Marcel"]
[Black "Scheider, Julian"]
[Result "0-1"]
[WhiteElo "2313"]
[BlackElo "2297"]
[PlyCount "54"]
[EventDate "2023.??.??"]
[SourceVersionDate "2023.09.04"]

1. d4 Nf6 2. c4 c5 3. d5 b5 4. Nf3 Bb7 5. Qc2 bxc4 6. e4 e6 7. Bxc4 exd5 8. exd5 Bxd5 9. Bxd5 Nxd5 10. O-O Be7 11. Re1 Na6 12. Ng5 Nab4 13. Qf5 Nf6 14. Qxc5 Nfd5 15. Bd2 O-O 16. Qd4 Bxg5 17. Bxb4 Nxb4 18. Qxb4 Rb8 19. Qa3 Qb6 20. Nc3 Qxb2 21. Qxb2 Rxb2 22. Re2 Rxe2 23. Nxe2 Rc8 24. Rb1 Kf8 25. a3 Rc2 26. Nd4 Ra2 27. Nf3 Bd8 0-1

[Event "Iserlohn - Oberhausen"]
[Site "?"]
[Date "2023.11.19"]
[Round "4.2"]
[White "Eckardt, Joshua"]
[Black "Voge, Andreas"]
[Result "1-0"]
[WhiteElo "2250"]
[BlackElo "2030"]
[PlyCount "50"]
[EventDate "2023.??.??"]
[SourceVersionDate "2023.09.04"]

1. d4 d5 2. c4 Nc6 3. Nf3 Bg4 4. Nc3 Nf6 5. Bf4 Bxf3 6. gxf3 e6 7. e3 Nh5 8. Bg3 Nxg3 9. hxg3 Bb4 10. Qb3 Qe7 11. cxd5 exd5 12. Qxd5 Bxc3+ 13. bxc3 Qa3 14. Qb3 Qa5 15. Bd3 O-O-O 16. Rb1 b6 17. O-O Qh5 18. Kg2 Rd6 19. Rh1 Qa5 20. c4 h6 21. c5 Rf6 22. Be4 Nd8 23. Rhc1 Re8 24. Qd5 c6 25. Bf5+ Kb8 1-0

[Event "Iserlohn - Oberhausen"]
[Site "?"]
[Date "2023.11.19"]
[Round "4.3"]
[White "Hort, Vlastimil"]
[Black "Schulze, Marc"]
[Result "1/2-1/2"]
[WhiteElo "2323"]
[BlackElo "2213"]
[PlyCount "53"]
[EventDate "2023.??.??"]
[SourceVersionDate "2023.09.04"]

1. d4 Nf6 2. c4 c5 3. d5 b5 4. cxb5 a6 5. bxa6 g6 6. Nc3 Bg7 7. g3 O-O 8. Bg2 d6 9. Nf3 Bxa6 10. O-O Nbd7 11. Re1 Ng4 12. Qc2 c4 13. h3 Nge5 14. Be3 Nxf3+ 15. Bxf3 Qa5 16. Red1 Nc5 17. h4 Rfb8 18. Rab1 Bc8 19. Bd4 Rb4 20. Bxg7 Kxg7 21. Qd2 Rab8 22. a3 Rb3 23. h5 f6 24. hxg6 hxg6 25. Kg2 g5 26. Qe3 Qd8 27. Qd4 1/2-1/2

[Event "Iserlohn - Oberhausen"]
[Site "?"]
[Date "2023.11.19"]
[Round "4.4"]
[White "Schmuecker, Marcus"]
[Black "Alkhazashvili, Ololi"]
[Result "1-0"]
[WhiteElo "2190"]
[BlackElo "2185"]
[PlyCount "113"]
[EventDate "2023.??.??"]
[SourceVersionDate "2023.09.04"]

1. d4 Nf6 2. Bf4 g6 3. Nf3 Bg7 4. c3 O-O 5. Nbd2 Nh5 6. Bg5 h6 7. Bh4 g5 8. Bg3 d6 9. e4 Nxg3 10. hxg3 e6 11. Bd3 Nd7 12. Qe2 Re8 13. e5 dxe5 14. Nxe5 Re7 15. O-O-O c5 16. f4 cxd4 17. cxd4 a5 18. Ne4 gxf4 19. gxf4 a4 20. Kb1 a3 21. b3 f5 22. Nc3 Nf6 23. Bc4 Qa5 24. Rh3 Qb6 25. g4 fxg4 26. Rg3 h5 27. f5 Ra5 28. Qe3 Qd6 29. Nb5 Rxb5 30. Bxb5 exf5 31. Bc4+ Kh7 32. Bd3 Bh6 33. Qf2 Ne4 34. Bxe4 fxe4 35. Rh1 e3 36. Qc2+ Kg7 37. Rxh5 Rc7 38. Qe4 e2 39. Rg1 Qa6 40. Nxg4 Qg6 41. Qxg6+ Kxg6 42. Rxh6+ Kg5 43. Rh2 Bf5+ 44. Ka1 Bxg4 45. Rxe2 Kf4 46. Rf1+ Kg3 47. Rd2 Bh3 48. Re1 Kf4 49. d5 Bd7 50. Rd4+ Kf5 51. Rc4 Rxc4 52. bxc4 Kf6 53. Kb1 Bf5+ 54. Kc1 Bd3 55. c5 Bc4 56. d6 Be6 57. Kc2 1-0

[Event "Iserlohn - Oberhausen"]
[Site "?"]
[Date "2023.11.19"]
[Round "4.5"]
[White "Mancic, Ivan"]
[Black "Messarius, Juergen"]
[Result "1/2-1/2"]
[WhiteElo "2147"]
[BlackElo "2178"]
[PlyCount "52"]
[EventDate "2023.??.??"]
[SourceVersionDate "2023.09.04"]

1. d4 f5 2. Nf3 g6 3. g3 Nh6 4. Bg2 Nf7 5. c4 d6 6. Nc3 Bg7 7. O-O O-O 8. d5 e5 9. dxe6 Bxe6 10. Nd4 Bc8 11. e3 c6 12. b3 Re8 13. Bb2 Nd7 14. Qc2 Qe7 15. Rad1 Nf6 16. Nde2 Bd7 17. a4 a5 18. Rd2 Ne4 19. Nxe4 fxe4 20. Bxg7 Kxg7 21. Rfd1 Bf5 22. h3 h5 23. Nd4 Rad8 24. Nxf5+ gxf5 25. h4 Qf6 26. Rd4 b6 1/2-1/2

[Event "Iserlohn - Oberhausen"]
[Site "?"]
[Date "2023.11.19"]
[Round "4.6"]
[White "Kind, Bertram"]
[Black "Ciornei, Dragos"]
[Result "1/2-1/2"]
[WhiteElo "2170"]
[BlackElo "2063"]
[PlyCount "48"]
[EventDate "2023.??.??"]
[SourceVersionDate "2023.09.04"]

1. e4 c5 2. Nc3 g6 3. f4 Bg7 4. Nf3 d6 5. Bc4 Nc6 6. O-O Nf6 7. d3 O-O 8. f5 e6 9. fxg6 fxg6 10. Qe1 Ng4 11. Qg3 Nge5 12. Bf4 Nxf3+ 13. Rxf3 Ne5 14. Bxe5 Bxe5 15. Rxf8+ Qxf8 16. Qf3 Qh6 17. h3 Bd7 18. Rf1 Bd4+ 19. Kh1 Rf8 20. Qxf8+ Qxf8 21. Rxf8+ Kxf8 22. Nd1 Ke7 23. c3 Be5 24. Kg1 Bc6 1/2-1/2

[Event "Iserlohn - Oberhausen"]
[Site "?"]
[Date "2023.11.19"]
[Round "4.7"]
[White "Nissen, Claus"]
[Black "Franz, Christian"]
[Result "1/2-1/2"]
[WhiteElo "2128"]
[BlackElo "2038"]
[PlyCount "75"]
[EventDate "2023.??.??"]
[SourceVersionDate "2023.09.04"]

1. e4 c5 2. Nf3 d6 3. d4 cxd4 4. Nxd4 Nf6 5. Bd3 Nc6 6. Ne2 Ne5 7. O-O Bd7 8. c4 g6 9. Nbc3 Bg7 10. b3 Nxd3 11. Qxd3 a6 12. a4 O-O 13. h3 Rc8 14. Ra2 Re8 15. Be3 Qa5 16. Rb1 Qh5 17. Qd2 h6 18. f3 g5 19. Bd4 Be6 20. Rf1 Qg6 21. f4 Nxe4 22. Nxe4 Qxe4 23. fxg5 Qg6 24. Bxg7 Kxg7 25. gxh6+ Qxh6 26. Qd4+ f6 27. Qe4 Bd7 28. Nd4 Rc5 29. Rf3 Kf7 30. Re2 Bc8 31. Rxf6+ Qxf6 32. Rf2 Qxf2+ 33. Kxf2 Rf8 34. Nf3 Ke8 35. b4 Rcf5 36. Kg1 Rf4 37. Qd5 R4f5 38. Qe4 1/2-1/2

[Event "Iserlohn - Oberhausen"]
[Site "?"]
[Date "2023.11.19"]
[Round "4.8"]
[White "Kuhnen, Thomas"]
[Black "Krueger, Andre"]
[Result "1/2-1/2"]
[WhiteElo "2082"]
[BlackElo "1902"]
[PlyCount "52"]
[EventDate "2023.??.??"]
[SourceVersionDate "2023.09.04"]

1. e4 e6 2. d4 d5 3. Nc3 Bb4 4. e5 c5 5. a3 Bxc3+ 6. bxc3 Nc6 7. Qg4 g6 8. Nf3 Qa5 9. Bd2 Qa4 10. Kd1 Bd7 11. Qf4 h6 12. g4 c4 13. Rg1 Rh7 14. Be1 O-O-O 15. h4 Nge7 16. Qc1 Rf8 17. Bd2 Ng8 18. g5 h5 19. Bh3 Nge7 20. Qb2 Kb8 21. Rb1 b6 22. Ne1 Nf5 23. Bxf5 exf5 24. Ng2 Be6 25. Nf4 Rd8 26. Ke2 Kb7 1/2-1/2

[Event "Horst-Emscher - Düsseldorf 2"]
[Site "?"]
[Date "2024.01.28"]
[Round "5.1"]
[White "Orlov, Andrey"]
[Black "Kotter, Ralf"]
[Result "1-0"]
[WhiteElo "2487"]
[BlackElo "2356"]
[PlyCount "79"]
[EventDate "2024.??.??"]
[SourceVersionDate "2023.09.04"]

1. e4 c5 2. Nf3 e6 3. g3 Nc6 4. Bg2 Nf6 5. Qe2 d6 6. O-O g6 7. e5 dxe5 8. Nxe5 Nxe5 9. Qxe5 Bd6 10. Qe2 O-O 11. Nc3 Re8 12. d3 Bf8 13. Re1 h6 14. a4 e5 15. a5 Rb8 16. Be3 Bd7 17. h3 Qc8 18. Qf3 Re6 19. g4 Bc6 20. Qg3 Bxg2 21. Qxg2 Qc7 22. h4 h5 23. g5 Ne8 24. Nd5 Qd6 25. c4 Bg7 26. Rab1 b6 27. axb6 axb6 28. b4 Rc8 29. bxc5 bxc5 30. Rb5 Bf8 31. Qf3 Qa6 32. Reb1 Nd6 33. Rxc5 Qa2 34. Rb6 Qa1+ 35. Kh2 e4 36. dxe4 Rxe4 37. Nf6+ Kh8 38. Nxe4 Rxc5 39. Nxc5 Nf5 40. Nd7 1-0

[Event "Horst-Emscher - Düsseldorf 2"]
[Site "?"]
[Date "2024.01.28"]
[Round "5.2"]
[White "Baerwolf, Steven"]
[Black "Braun, Christian"]
[Result "1/2-1/2"]
[WhiteElo "2230"]
[BlackElo "2408"]
[PlyCount "87"]
[EventDate "2024.??.??"]
[SourceVersionDate "2023.09.04"]

1. e4 e6 2. d4 d5 3. Bd3 dxe4 4. Bxe4 Nf6 5. Bf3 c5 6. Ne2 Nc6 7. Be3 cxd4 8. Nxd4 Ne5 9. Nc3 a6 10. Qe2 Be7 11. O-O-O Qc7 12. Kb1 Nxf3 13. Nxf3 b5 14. Bd4 Bb7 15. Rhe1 O-O 16. Ne5 Rac8 17. a3 Rcd8 18. Qe3 Nd5 19. Nxd5 Rxd5 20. Bb6 Qc8 21. f4 b4 22. axb4 Bxb4 23. c3 Be7 24. c4 Rxd1+ 25. Rxd1 f6 26. Rd7 fxe5 27. Rxe7 Rf7 28. Rxf7 Kxf7 29. Qxe5 Qxc4 30. Qh5+ Ke7 31. Qc5+ Qxc5 32. Bxc5+ Kf6 33. g4 e5 34. g5+ Kf5 35. fxe5 Kxg5 36. e6 Kf5 37. e7 Bc6 38. Kc2 g5 39. Kd3 h5 40. Ke3 g4 41. Bb4 h4 42. Kf2 Ke4 43. Bc3 Kf5 44. Bb4 1/2-1/2

[Event "Horst-Emscher - Düsseldorf 2"]
[Site "?"]
[Date "2024.01.28"]
[Round "5.3"]
[White "Stark, Lars"]
[Black "Rebentisch, Tom"]
[Result "1-0"]
[WhiteElo "2365"]
[BlackElo "2159"]
[PlyCount "101"]
[EventDate "2024.??.??"]
[SourceVersionDate "2023.09.04"]

1. c4 e6 2. g3 d5 3. Bg2 Nf6 4. Nf3 Be7 5. O-O O-O 6. b3 c5 7. cxd5 Nxd5 8. Nc3 Nxc3 9. dxc3 Qxd1 10. Rxd1 Bf6 11. Bg5 Bxc3 12. Rac1 Bb4 13. Be7 Re8 14. Bxc5 Bxc5 15. Rxc5 Na6 16. Rcc1 Rb8 17. Ne5 Kf8 18. a3 Ke7 19. b4 f6 20. Nc4 Rd8 21. Rxd8 Kxd8 22. Rd1+ Kc7 23. Nd6 Bd7 24. Nxb7 Bb5 25. Rc1+ Kb6 26. Nd6 Bd7 27. f4 Nc7 28. Rc5 Nd5 29. Kf2 Rd8 30. Nc4+ Kb7 31. Bxd5+ exd5 32. Rxd5 Kc7 33. e4 Re8 34. Rc5+ Kb8 35. Ke3 Be6 36. Nd6 Re7 37. e5 Bg4 38. Kd4 fxe5+ 39. fxe5 g6 40. Rc2 Be6 41. b5 h5 42. a4 h4 43. a5 hxg3 44. hxg3 Rh7 45. Rf2 Rh1 46. Rf8+ Kc7 47. Ra8 Rd1+ 48. Kc3 Rd5 49. Rxa7+ Kd8 50. a6 Rxe5 51. Nf7+ 1-0

[Event "Horst-Emscher - Düsseldorf 2"]
[Site "?"]
[Date "2024.01.28"]
[Round "5.4"]
[White "De Roda Husman, Juan"]
[Black "De Gleria, Francesco"]
[Result "1/2-1/2"]
[WhiteElo "2229"]
[BlackElo "2376"]
[PlyCount "25"]
[EventDate "2024.??.??"]
[SourceVersionDate "2023.09.04"]

1. e4 c6 2. Nc3 d5 3. Nf3 dxe4 4. Nxe4 Nf6 5. Qe2 Nxe4 6. Qxe4 Qd5 7. Qf4 Qf5 8. Qe3 g6 9. d4 Bg7 10. Bd3 Qa5+ 11. Bd2 Qb6 12. O-O Bg4 13. Ne5 1/2-1/2